00870nam a2200241 i 4500001000300000003000400003005001700007008003900024015001600063040001400079080000800093080001000101100004200111245006300153260005200216300003500268490003700303500008300340650002400423710004600447830003700493856009800530bgBPK20210319105717.0970510s1986 pl a |000 0 pol aPB 1995/478 aWA NcBPK a311 a519.21 aLuszniewicz, Andrzejd(1930- )eAutor10aMetody wnioskowania statystycznego /cAndrzej Luszniewicz. aWarszawa :bPańst. Wydaw. Ekonomiczne,c1986. a171, [1] s. :bwykr. ;c21 cm.1 aStatystyka nie jest trudna ;v2. aT. 1 ogł. pod hasłem i tyt. : Kassyk-Rokicka Helena : Mierniki statystyczne. 4aStatystykaxmetody.2 aPaństwowe Wydawnictwo Ekonomiczne4pbl. 0aStatystyka nie jest trudna ;v2. uhttp://koha.tu.koszalin.pl/cgi-bin/koha/opac-detail.pl?biblionumber=23265yKatalog online BPK